Los cultivos subtropicales de la costa granadina / (Record no. 69935)

MARC details
000 -LEADER
campo de control de longitud fija 00588nam a2200169 i 4500
001 - NÚMERO DE CONTROL
campo de control 69935
003 - IDENTIFICADOR DE NÚMERO DE CONTROL
campo de control ES-MaACL
005 - FECHA Y HORA DE LA ÚLTIMA TRANSACCIÓN
campo de control 20230906170652.0
007 - CAMPO FIJO DE DESCRIPCIÓN FÍSICA--INFORMACIÓN GENERAL
campo de control de longitud fija t|
008 - DATOS DE LONGITUD FIJA--INFORMACIÓN GENERAL
campo de control de longitud fija 040713s1972 sp ||||1| spa d
100 1# - ENTRADA PRINCIPAL--NOMBRE DE PERSONA
Nombre de persona García Manrique, Eusebio.
9 (RLIN) 54881
245 14 - MENCIÓN DEL TÍTULO
Título Los cultivos subtropicales de la costa granadina /
Mención de responsabilidad, etc. Eusebio García Manrique.
260 ## - PUBLICACIÓN, DISTRIBUCIÓN, ETC.
Lugar de publicación, distribución, etc. Granada :
Nombre del editor, distribuidor, etc. Universidad de Granada, Facultad de Letras,
Fecha de publicación, distribución, etc. [1972]
300 ## - DESCRIPCIÓN FÍSICA
Extensión 160 p., 10 lám. :
Otras características físicas map. pleg. ;
Dimensiones 24 cm.
710 2# - ENTRADA AGREGADA--NOMBRE DE ENTIDAD CORPORATIVA
Nombre de entidad corporativa o nombre de jurisdicción como elemento de entrada Universidad de Granada.
Unidad subordinada Facultad de Letras.
9 (RLIN) 7184
852 ## - LOCALIZACIÓN
Ubicación ES-MaACL
Número de control de estantería C-43036
Sublocalización o colección R.82703
Holdings
Estatus retirado Estado de pérdida Estado de daño No para préstamo Biblioteca de origen Biblioteca actual Ubicación en estantería Fecha de adquisición Fuente de adquisición Total de préstamos Signatura topográfica completa Código de barras Visto por última vez Precio de reemplazo Tipo de ítem Koha
        Biblioteca del Ateneo de Madrid Biblioteca del Ateneo de Madrid Depósito 2 17/01/2008     C-43036 1073235 23/02/2023 23/02/2023 Libro impreso